000
00260nam a2200109Ia 4500
008
230907s9999||||xx |||||||||||||| ||und||
082
_a
668.412
_b
WAN
100
_a
Wang, Maw-Ling,
_9
116026
245
0
_a
Molding simulation :
300
_a
pages cm
942
_c
BK
999
_c
600829
_d
600829